|
|
|
|
| LEADER |
00908nab a2200253 i 4500 |
| 001 |
publ508 |
| 005 |
20180703125448.0 |
| 008 |
120504s2004 hu o 0|| zxx d |
| 022 |
|
|
|a 1217-8950
|
| 024 |
7 |
|
|a 1003089
|2 mtmt
|
| 040 |
|
|
|a SZTE Publicatio Repozitórium
|b hun
|
| 041 |
|
|
|a zxx
|
| 100 |
1 |
|
|a Dóczi Ilona
|
| 245 |
1 |
0 |
|a Etest for assessing the susceptibility of filamentous fungi
|h [elektronikus dokumentum] /
|c Dóczi Ilona
|
| 260 |
|
|
|a Akadémiai Kiadó
|c 2004
|
| 300 |
|
|
|a 271-281
|
| 490 |
0 |
|
|a Acta Microbiologica et Immunologica Hungarica
|v 51 No. 3
|
| 700 |
0 |
1 |
|a Dósa Erika
|e aut
|
| 700 |
0 |
1 |
|a Varga János
|e aut
|
| 700 |
0 |
1 |
|a Antal Zsuzsanna
|e aut
|
| 700 |
0 |
1 |
|a Kredics László
|e aut
|
| 700 |
0 |
1 |
|a Nagy Erzsébet
|e aut
|
| 856 |
4 |
0 |
|u http://publicatio.bibl.u-szeged.hu/508/1/amihd%C3%B3czi.pdf
|z Dokumentum-elérés
|
| 856 |
4 |
0 |
|u http://publicatio.bibl.u-szeged.hu/508/2/AMIH2004.pdf
|z Dokumentum-elérés
|